00490nam a22001571a 45000010005000000030004000050050017000090080041000260500018000670820018000852450149001032640014002523000011002666500027002777000028003041263OSt20260204211727.0040117s2000||||xx ||||||b||||||||||spa|| a379.1552 P41s a379.1552 P41s aPerspectivas sobre la reforma educativa. América Central en el contexto de políticas de educación en las américas / Juan Carlos Navarros aS.l : HID a440 p. a1.Educación-Reformas aJuan Carlos NavarrosÌ